Wszystkie gminy w Polsce na literę O - Statystyki

Ogólne statystyki
  • Ten quiz został rozwiązany 31 razy
    30 od ostatniego zresetowania
  • Średni wynik to 44 z 77
Statystyki odpowiedzi
Województwo Gmina % Poprawnych
opolskie Opole
100%
dolnośląskie Oława
92%
dolnośląskie Oleśnica
92%
świętokrzyskie Oleśnica
92%
opolskie Olesno
92%
małopolskie Olesno
92%
świętokrzyskie Opatów
92%
śląskie Opatów
92%
podkarpackie Ostrów
92%
warmińsko-mazurskie Olecko
88%
mazowieckie Ostrów Mazowiecka
88%
warmińsko-mazurskie Olsztyn
84%
śląskie Olsztyn
84%
wielkopolskie Ostrów Wielkopolski
84%
małopolskie Olkusz
80%
łódzkie Opoczno
80%
warmińsko-mazurskie Ostróda
80%
wielkopolskie Opatówek
76%
kujawsko-pomorskie Osie
76%
wielkopolskie Ostrzeszów
76%
lubelskie Opole Lubelskie
72%
mazowieckie Osieck
72%
małopolskie Osiek
72%
świętokrzyskie Osiek
72%
małopolskie Oświęcim
72%
wielkopolskie Oborniki
68%
warmińsko-mazurskie Olsztynek
68%
wielkopolskie Opalenica
68%
świętokrzyskie Ożarów
68%
dolnośląskie Oborniki Śląskie
64%
lubelskie Ostrówek
64%
łódzkie Ostrówek
64%
świętokrzyskie Ostrowiec Świętokrzyski
64%
świętokrzyskie Opatowiec
60%
warmińsko-mazurskie Orzysz
60%
wielkopolskie Osieczna
60%
opolskie Otmuchów
60%
mazowieckie Otwock
60%
mazowieckie Ożarów Mazowiecki
60%
opolskie Ozimek
60%
podkarpackie Oleszyce
56%
śląskie Ornontowice
56%
dolnośląskie Osiecznica
56%
lubelskie Ostrów Lubelski
56%
wielkopolskie Obrzycko
52%
dolnośląskie Olszyna
52%
warmińsko-mazurskie Orneta
52%
lubuskie Ośno Lubuskie
52%
wielkopolskie Ostroróg
52%
lubuskie Otyń
48%
łódzkie Ozorków
48%
świętokrzyskie Oksa
44%
mazowieckie Orońsko
44%
mazowieckie Ostrołęka
44%
wielkopolskie Ostrowite
44%
zachodniopomorskie Osina
40%
świętokrzyskie Obrazów
36%
podkarpackie Olszanica
36%
wielkopolskie Orchowo
36%
kujawsko-pomorskie Osięciny
36%
mazowieckie Odrzywół
32%
podlaskie Orla
32%
podkarpackie Orły
32%
śląskie Ożarowice
32%
lubelskie Obsza
28%
opolskie Olszanka
28%
mazowieckie Olszanka
28%
podkarpackie Osiek Jasielski
24%
kujawsko-pomorskie Osielsko
24%
kujawsko-pomorskie Obrowo
20%
wielkopolskie Osiek Mały
20%
pomorskie Ostaszewo
20%
mazowieckie Olszewo-Borki
16%
wielkopolskie Olszówka
16%
mazowieckie Obryte
12%
mazowieckie Opinogóra Górna
12%
łódzkie Oporów
8%
Nie znaleziono quizów pasujących do podanych kryteriów
Rozkład punktacji
Procent ludzi z każdym wynikiem
Percentyl według liczby udzielonych odpowiedzi
Twoja historia wyników
Nie rozwiązałeś tego quizu od ostatniego zresetowania